| 000 | nam a22 7a 4500 | ||
|---|---|---|---|
| 999 |
_c128622 _d128622 |
||
| 008 | 181122b xxu||||| |||| 00| 0 eng d | ||
| 050 | _aREF. PE1591.U74 1992 | ||
| 100 |
_aUrdang, Laurence _943572 |
||
| 245 |
_aDictionary of differences _bLaurence Urdang |
||
| 250 | _aRev. ed. | ||
| 260 |
_aLondon _bBloomsbury Publishing Limited _c1992 |
||
| 300 |
_a375p. ; _c20cm. |
||
| 650 |
_aEnglish language _xSynonyms and ontonyms _943573 |
||
| 942 |
_2lcc _cMONOGRAPH |
||